000 00394nam a2200157Ia 4500
008 221030s9999 xx 000 0 und d
020 _a0706998308
041 _aEnglish
082 _a105.23
_bVer
100 _aP. D. S. Verma
245 0 _aEngineering Mathematics
_cby P. D. S. Verma
260 _bVikas Pub House
_aNew Delhi
_c1997
300 _a276
650 _aBE Mathematics
942 _cBK
999 _c7188
_d7188